Left out in the cold (Record no. 80848)

MARC details
000 -LEADER
fixed length control field 01342cab a22002655a 4500
001 - CONTROL NUMBER
control field L145516
008 - FIXED-LENGTH DATA ELEMENTS--GENERAL INFORMATION
fixed length control field 081017e20081007xxko f 000 0 eng d
035 ## - SYSTEM CONTROL NUMBER
System control number (Sirsi) u145516
041 0# - LANGUAGE CODE
Language code of text/sound track or separate title eng
100 1# - MAIN ENTRY--PERSONAL NAME
Personal name Wilson, Debra
245 00 - TITLE STATEMENT
Title Left out in the cold
260 ## - PUBLICATION, DISTRIBUTION, ETC.
Date of publication, distribution, etc. 2008
490 ## - SERIES STATEMENT
Series statement Solicitors' Journal
Volume/sequential designation 7 October 2008, 14-15(2)
520 ## - SUMMARY, ETC.
Summary, etc. Article looks at the introduction of tenancy deposit schemes (TDS) and acknowledges that they have been a very useful mechanism for avoiding typical disputes that were previously encountered at the end of residential tenancies. The author discusses the sanctions that can be enacted as part of the legislation and suggests that, while TDS have reduced the involvement of solicitors in the drafting of leases, the formation of a DCLG users' group may ultimately prove the worth solicitor participation in tenancy disputes.
590 ## - LOCAL NOTE (RLIN)
Local note KA
650 24 - SUBJECT ADDED ENTRY--TOPICAL TERM
Topical term or geographic name entry element HARVEY V BAMFORTH
650 24 - SUBJECT ADDED ENTRY--TOPICAL TERM
Topical term or geographic name entry element HOUSING ACT 1988 S19
650 24 - SUBJECT ADDED ENTRY--TOPICAL TERM
Topical term or geographic name entry element HOUSING ACT 1996
650 24 - SUBJECT ADDED ENTRY--TOPICAL TERM
Topical term or geographic name entry element HOUSING ACT 2004 S213
650 24 - SUBJECT ADDED ENTRY--TOPICAL TERM
Topical term or geographic name entry element STANKOVA V GLASSONBURY
651 #4 - SUBJECT ADDED ENTRY--GEOGRAPHIC NAME
Geographic name England and Wales
Chronological subdivision 1543-
690 ## - LOCAL SUBJECT ADDED ENTRY--TOPICAL TERM (OCLC, RLIN)
Topical term or geographic name as entry element PROPERTY-RESIDENTIAL PROPERTY-RESIDENTIAL LANDLORD AND TENANT
690 ## - LOCAL SUBJECT ADDED ENTRY--TOPICAL TERM (OCLC, RLIN)
Topical term or geographic name as entry element MANAGEMENT-DISPUTE AVOIDANCE, MANAGEMENT AND RESOLUTION-DISPUTE MANAGEMENT AND RESOLUTION-ALTERNATIVE DISPUTE RESOLUTION
942 ## - ADDED ENTRY ELEMENTS (KOHA)
Suppress in OPAC 0
Holdings
Withdrawn status Lost status Source of classification or shelving scheme Damaged status Not for loan Home library Current library Shelving location Date acquired Total Checkouts Full call number Barcode Date last seen Copy number Price effective from Koha item type
    Dewey Decimal Classification     London London Journal article 17/10/2008   L145516 145516-1001 06/08/2019 1 06/08/2019 Journal article